| 000 | 00513nam a2200181Ia 4500 | ||
|---|---|---|---|
| 005 | 20250423100054.0 | ||
| 008 | 250422s9999 xx 000 0 und d | ||
| 020 | _a3891193718 | ||
| 050 | _aRC 591 .A38/ | ||
| 100 | _aAit-Khaled, Nadia | ||
| 245 | 0 | _aManagement of asthma in adults: a guide for low income countries 1996 | |
| 260 | _aParis | ||
| 260 | _bIntermational Union Against Tuberculosis and Lung Disease | ||
| 260 | _c1996 | ||
| 300 | _a55 p | ||
| 650 | _aAsthma. Asthma--Treatment. | ||
| 942 | _cBK | ||
| 999 |
_c32204 _d32204 |
||